000 00418nam a2200169Ia 4500
003 GCL
008 140319s9999 xx 000 0 eng d
040 _aGCL /
_cGCL
082 0 4 _a297.92
_bT A
100 1 _aT . A . ISMAIL
245 1 0 _aABOU BAKR : THE TRUE /
_cT . A . ISMAIL
300 _a18 CM ؛
_c178 P
650 0 4 _aAUTOBIOGRAPHIES
650 0 4 _aABOU BAKR
650 0 4 _aISLAM - BIOGRAPHIES
942 _2ddc
_cBK
999 _c20619
_d20619